Estadísticas para Nombres anteriores de países

Haz click aquí para intentar la prueba.

Estadísticas generales

  • Esta prueba ha sido intentada 51 veces
    (50 desde el último reinicio)
  • La puntuación promedio es 36 de 60

Estadísticas de respuestas

Viejo nombreNuevo nombre% Correcto
África Ecuatorial FrancesaRepública Centroafricana/ Chad/ Gabón/ República del Congo
95%
Guinea francesaGuinea
91%
ChecoslovaquiaRepública Checa/Eslovaquia
89%
ZaireRepública Democrática del Congo
89%
Confederación SuizaSuiza
89%
Guinea españolaGuinea Ecuatorial
86%
Timor portuguesaTimor Oriental
86%
PersiaIrán
84%
MalayaMalasia
84%
SuazilandiaEsuatini
82%
SenegambiaGambia/ Senegal
82%
AbisiniaEtiopía
80%
Guayana BritánicaGuyana
80%
MesopotamiaIrak
80%
Pakistán OccidentalPakistán
80%
Mascate y OmánOmán
77%
Samoa OccidentalSamoa
77%
TransjordaniaJordania
73%
África Oriental Británica / Protectorado de África OrientalKenia/ Tanzania/ Uganda
73%
Territorio de PapúaPapúa Nueva Guinea
73%
KampucheaCamboya
70%
GaliaFrancia
70%
África Oriental AlemanaRuanda/ Burundi/ Tanzania
70%
BenadirSomalia
70%
BechuanalandiaBotsuana
68%
KirguiziaKirguistán
68%
África sudoccidentalNamibia
68%
CeilánSri Lanka
68%
Honduras británicasBelice
66%
África Oriental PortuguesaMozambique
64%
Rodesia del SurZimbabue
64%
República MalgacheMadagascar
61%
SiamTailandia
61%
Rodesia del NorteZambia
61%
Tripolitania y CirenaicaLibia
59%
Afars e Issas/Somalilandia francesaYibuti
59%
Indias Orientales HolandesasIndonesia
57%
FormosaTaiwán
57%
Pakistán OrientalBangladesh
55%
NumidiaArgelia
52%
Alto VoltaBurkina Faso
52%
DahomeyBenín
50%
TonkinVietnam
45%
Costa DoradaGhana
43%
GorkhaliNepal
43%
República de BataviaPaíses Bajos
41%
AlbiónReino Unido
41%
JoseonCorea del Norte/ Corea del Sur
39%
Islas GilbertKiribati
39%
BasutolandiaLesoto
39%
República de SudánMalí
39%
Islas ElliceTuvalu
39%
Nuevas HébridasVanuatu
36%
Trece coloniasEstados Unidos de América
32%
Costa de cerealesLiberia
30%
NyasalandiaMalaui
30%
Islas amigasTonga
30%
Nueva HolandaAustralia
25%
Estados de la TreguaEmiratos Árabes Unidos
20%
AlashiyaChipre
16%

Distribución de puntuación

Porcentaje por número respondido

Porcentaje de gente con cada puntuación

Historial de tus puntuaciones

No has intentado esta prueba desde el último reinicio